• 首页
  • 本馆介绍
  • 公告通知
  • 最新文献
  • 馆藏检索
  • 电子资源
  • 读者导购
  • 参考咨询
  • 我的图书馆
  • 登录
  • 详细信息显示
  • 放入我的书架
  • 预约/预借图书
  • 作者相关作品
  • 分类相关作品
  • 丛书相关作品
  • 出版社相关作品

书目信息

  • 表格格式
  • 工作单格式
  • 卡片格式
题名:
中央、国家机关及各省公务员考试辅导
    
 
作者: 刘瑞红 主编
分册:   申论
出版信息: 北京   清华大学出版社  2006
页数: 187页
开本: 26cm
丛书名:
单 册:
中图分类: D630.3 , H152.3
科图分类:
主题词: 国家机关工作人员--中国--考核--自学参考资料 , 公文--写作--考核--自学参考资料 , 国家机关工作人员 , 公文 , 写作
电子资源:
ISBN: 7-302-12907-X
000 01053nam0 2200289 450
001 1239514015
005 20121004105912.73
010    @a7-302-12907-X@dCNY24.00
100    @a20060416d2006 em y0chiy50 ea
101 0  @achi
102    @aCN@b110000
105    @ay z 000yy
200 1  @a中央、国家机关及各省公务员考试辅导@Azhong yang 、 guo jia ji guan ji ge sheng gong wu yuan kao shi fu dao@i申论@f刘瑞红主编
205    @a2版@b修订版
210    @a北京@c清华大学出版社@d2006
215    @a187页@d26cm
330    @a本书分四部分。第一部分主要是申论测试综述;第二部分主要是根据申论考试的特点,进行阅读材料思维时所需能力的培养与训练;第三部分则主要侧重于写作过程所需能力的训练;第四部分是多套申论的模拟题。
606 0  @a国家机关工作人员@y中国@x考核@j自学参考资料
606 0  @a公文@x写作@x考核@j自学参考资料
606 0  @a国家机关工作人员
606 0  @a公文
606 0  @a写作
690    @aD630.3@v4
690    @aH152.3@v4
701  0 @a刘瑞红@Aliu rui hong@c(公务员考试)@4主编
801  0 @aCN@bNLC@c20101222
905    @a10447@dD630.3@eJY10
    
    中央、国家机关及各省公务员考试辅导.申论/刘瑞红主编.-2版,修订版.-北京:清华大学出版社,2006
    187页;26cm
    
    
    ISBN 7-302-12907-X:CNY24.00
    本书分四部分。第一部分主要是申论测试综述;第二部分主要是根据申论考试的特点,进行阅读材料思维时所需能力的培养与训练;第三部分则主要侧重于写作过程所需能力的训练;第四部分是多套申论的模拟题。
●
相关链接 在E读中查询图书 在五车中查询图书 在当当中查询图书 在豆瓣中查询图书


正题名:中央、国家机关及各省公务员考试辅导     索取号:D630.3/JY10         预约/预借

序号 登录号 条形码 馆藏地/架位号 状态 备注
1 7812046   278120463   学院路分馆/ [索取号:D630.3/JY10] 在馆    
2 7812047   278120472   学院路分馆/ [索取号:D630.3/JY10] 在馆    
唐山师范学院图书馆 欢迎您!
大连网信软件有限公司© 版权所有